000 00307nam a22001457a 4500
008 230327b ||||| |||| 00| 0 eng d
020 _a9780802148674
041 _aeng
080 _a159.9
082 _a159.9LEO
100 _a25
101 _aPSI
245 _aTRACE ELEMENTS
_cLEON D
942 _2udc
_cBK
999 _c59461
_d59461